Top 10 Cities in Every State of the USA - Statistics

General Stats
  • This quiz has been taken 323 times
    319 since last reset
  • The average score is 154 of 500
Answers on the Map
Answers color-coded by a green-red scale on the quiz's map according to % correct below.
 
Answer Stats
Population City % Correct
3,820,914 Los Angeles, California
88%
808,988 San Francisco, California
86%
2,664,452 Chicago, Illinois
85%
1,302,868 Dallas, Texas
85%
2,314,157 Houston, Texas
85%
660,929 Las Vegas, Nevada
85%
755,078 Seattle, Washington
85%
1,388,320 San Diego, California
84%
143,709 Jackson, Mississippi
83%
68,264 Jackson, Tennessee
83%
10,639 Jackson, Wyoming
83%
455,924 Miami, Florida
83%
979,882 Austin, Texas
82%
235,421 Boise, Idaho
82%
716,577 Denver, Colorado
81%
879,293 Indianapolis, Indiana
81%
152,933 Kansas City, Kansas
81%
510,704 Kansas City, Missouri
81%
69,104 Portland, Maine
81%
630,498 Portland, Oregon
81%
526,384 Sacramento, California
81%
201,877 Columbus, Georgia
80%
24,464 Columbus, Nebraska
80%
913,175 Columbus, Ohio
80%
633,218 Detroit, Michigan
80%
8,258,035 New York City, New York
80%
702,767 Oklahoma City, Oklahoma
80%
1,495,295 San Antonio, Texas
80%
985,843 Jacksonville, Florida
79%
687,788 Nashville, Tennessee
79%
320,742 Orlando, Florida
79%
1,650,070 Phoenix, Arizona
79%
653,833 Boston, Massachusetts
78%
364,136 New Orleans, Louisiana
78%
510,823 Atlanta, Georgia
77%
209,593 Salt Lake City, Utah
77%
403,364 Tampa, Florida
77%
978,468 Fort Worth, Texas
76%
969,655 San Jose, California
76%
678,958 El Paso, Texas
75%
618,639 Memphis, Tennessee
75%
425,115 Minneapolis, Minnesota
75%
1,550,542 Philadelphia, Pennsylvania
75%
112,544 Springfield, Illinois
75%
153,672 Springfield, Massachusetts
75%
170,188 Springfield, Missouri
75%
61,085 Springfield, Oregon
75%
565,239 Baltimore, Maryland
74%
561,385 Milwaukee, Wisconsin
74%
274,678 Buffalo, New York
73%
362,656 Cleveland, Ohio
73%
56,968 Madison, Alabama
73%
27,987 Madison, Mississippi
73%
280,305 Madison, Wisconsin
73%
281,754 St. Louis, Missouri
73%
203,842 Little Rock, Arkansas
72%
911,311 Charlotte, North Carolina
71%
303,255 Pittsburgh, Pennsylvania
71%
274,915 Reno, Nevada
71%
89,167 Santa Fe, New Mexico
71%
210,381 Des Moines, Iowa
70%
483,335 Omaha, Nebraska
70%
291,244 Anchorage, Alaska
69%
219,573 Baton Rouge, Louisiana
69%
488,664 Colorado Springs, Colorado
69%
622,981 Louisville, Kentucky
69%
436,504 Oakland, California
69%
155,369 Charleston, South Carolina
68%
46,838 Charleston, West Virginia
68%
311,097 Cincinnati, Ohio
68%
350,963 Honolulu, Hawaii
68%
202,221 Tallahassee, Florida
68%
200,657 Birmingham, Alabama
66%
482,295 Raleigh, North Carolina
66%
547,239 Tucson, Arizona
66%
101,228 Albany, New York
65%
58,036 Carson City, Nevada
65%
411,894 Tulsa, Oklahoma
65%
560,274 Albuquerque, New Mexico
64%
200,884 Augusta, Georgia
64%
19,102 Augusta, Maine
64%
65,168 Cheyenne, Wyoming
64%
129,330 Columbia, Missouri
63%
142,416 Columbia, South Carolina
63%
545,716 Fresno, California
63%
294,757 Lincoln, Nebraska
63%
187,043 Mobile, Alabama
63%
200,591 Montgomery, Alabama
63%
37,206 Richmond, Kentucky
63%
229,247 Richmond, Virginia
63%
229,447 Spokane, Washington
63%
125,475 Topeka, Kansas
63%
32,256 Juneau, Alaska
62%
112,115 Lansing, Michigan
62%
190,792 Providence, Rhode Island
61%
177,432 Salem, Oregon
61%
316,595 Corpus Christi, Texas
60%
122,413 Rochester, Minnesota
60%
33,519 Rochester, New Hampshire
60%
207,274 Rochester, New York
60%
453,649 Virginia Beach, Virginia
60%
413,381 Bakersfield, California
59%
34,464 Helena, Montana
59%
147,748 Savannah, Georgia
59%
398,431 Arlington, Texas
58%
39,894 Dover, Delaware
58%
33,485 Dover, New Hampshire
58%
105,744 Green Bay, Wisconsin
58%
206,410 Sioux Falls, South Dakota
58%
396,119 Wichita, Kansas
58%
75,092 Bismarck, North Dakota
57%
340,512 Anaheim, California
56%
119,669 Hartford, Connecticut
56%
303,820 Saint Paul, Minnesota
56%
449,468 Long Beach, California
55%
120,864 Billings, Montana
54%
135,512 Dayton, Ohio
54%
133,188 Fargo, North Dakota
54%
266,878 Lubbock, Texas
54%
265,304 Toledo, Ohio
54%
198,162 Knoxville, Tennessee
53%
188,701 Akron, Ohio
52%
320,154 Lexington, Kentucky
52%
511,648 Mesa, Arizona
51%
177,899 Eugene, Oregon
50%
32,512 Fairbanks, Alaska
50%
196,608 Grand Rapids, Michigan
50%
337,305 Henderson, Nevada
50%
215,120 Huntsville, Alabama
50%
30,169 Newark, Delaware
50%
304,960 Newark, New Jersey
50%
145,560 Syracuse, New York
50%
222,906 Tacoma, Washington
50%
187,030 Chattanooga, Tennessee
49%
44,629 Concord, New Hampshire
49%
110,119 Concord, North Carolina
49%
184,255 Fort Lauderdale, Florida
49%
50,012 Harrisburg, Pennsylvania
49%
13,880 Pierre, South Dakota
49%
263,553 St. Petersburg, Florida
49%
395,052 Aurora, Colorado
48%
177,563 Aurora, Illinois
48%
296,186 Durham, North Carolina
47%
119,381 Ann Arbor, Michigan
46%
87,680 Duluth, Minnesota
46%
302,296 Greensboro, North Carolina
46%
71,675 Wilmington, Delaware
46%
122,698 Wilmington, North Carolina
46%
40,552 Annapolis, Maryland
44%
101,680 Fayetteville, Arkansas
44%
209,749 Fayetteville, North Carolina
44%
269,994 Fort Wayne, Indiana
44%
113,343 Provo, Utah
44%
177,959 Shreveport, Louisiana
44%
92,957 Erie, Pennsylvania
43%
89,620 Trenton, New Jersey
43%
26,147 Norfolk, Nebraska
42%
230,930 Norfolk, Virginia
42%
71,216 Lafayette, Indiana
41%
121,467 Lafayette, Louisiana
41%
77,757 Missoula, Montana
40%
135,319 New Haven, Connecticut
40%
284,771 North Las Vegas, Nevada
39%
128,628 Athens, Georgia
38%
104,557 Bend, Oregon
38%
291,657 Jersey City, New Jersey
38%
24,717 Newport, Rhode Island
38%
4,336 Newport, Vermont
38%
75,805 Scranton, Pennsylvania
38%
99,628 Tuscaloosa, Alabama
38%
253,855 Glendale, Arizona
37%
68,001 Idaho Falls, Idaho
37%
156,512 Macon, Georgia
37%
198,750 Peoria, Arizona
37%
110,460 Peoria, Illinois
37%
244,394 Scottsdale, Arizona
37%
207,657 Yonkers, New York
37%
7,991 Montpelier, Vermont
36%
85,727 Sioux City, Iowa
36%
43,466 Alexandria, Louisiana
35%
155,230 Alexandria, Virginia
35%
44,528 Burlington, Vermont
35%
58,720 Casper, Wyoming
35%
75,678 Iowa City, Iowa
35%
115,474 Manchester, New Hampshire
34%
290,190 Plano, Texas
34%
103,395 South Bend, Indiana
34%
196,442 Vancouver, Washington
34%
78,840 Bloomington, Indiana
32%
87,398 Bloomington, Minnesota
32%
57,305 Bozeman, Montana
32%
72,824 Greenville, South Carolina
32%
48,235 Biloxi, Mississippi
31%
100,354 Davenport, Iowa
31%
114,892 Las Cruces, New Mexico
31%
87,267 Ogden, Utah
31%
79,404 Rapid City, South Dakota
31%
97,171 Roanoke, Virginia
31%
189,834 Tempe, Arizona
31%
252,975 Winston-Salem, North Carolina
31%
148,028 Bridgeport, Connecticut
30%
135,958 Cedar Rapids, Iowa
30%
280,167 Chandler, Arizona
30%
170,376 Fort Collins, Colorado
30%
104,578 St. George, Utah
30%
275,411 Gilbert, Arizona
29%
111,077 Pueblo, Colorado
29%
207,621 Worcester, Massachusetts
29%
124,880 Allentown, Pennsylvania
28%
76,566 Auburn, Alabama
28%
24,793 Auburn, Maine
28%
224,455 Cape Coral, Florida
28%
253,886 Chesapeake, Virginia
28%
115,332 Evansville, Indiana
28%
130,046 Norman, Oklahoma
28%
31,628 Bangor, Maine
27%
44,186 Hilo, Hawaii
27%
98,211 Kenosha, Wisconsin
27%
146,120 Rockford, Illinois
27%
70,542 Eau Claire, Wisconsin
26%
150,245 Naperville, Illinois
26%
183,118 Newport News, Virginia
26%
63,922 Bellevue, Nebraska
25%
151,574 Bellevue, Washington
25%
114,268 Nampa, Idaho
25%
197,089 Overland Park, Kansas
25%
76,212 Bowling Green, Kentucky
24%
150,489 Joliet, Illinois
24%
30,429 Morgantown, West Virginia
24%
245,021 Port St. Lucie, Florida
24%
91,706 Roswell, Georgia
24%
47,109 Roswell, New Mexico
24%
136,226 Stamford, Connecticut
24%
63,607 Utica, New York
24%
35,701 Butte, Montana
23%
89,189 Champaign, Illinois
23%
111,180 Everett, Washington
23%
58,921 Grand Forks, North Dakota
23%
60,422 Great Falls, Montana
23%
72,823 Gulfport, Mississippi
23%
119,194 Broken Arrow, Oklahoma
22%
118,214 Cambridge, Massachusetts
22%
221,300 Hialeah, Florida
22%
22,733 Portsmouth, New Hampshire
22%
96,793 Portsmouth, Virginia
22%
44,867 York, Pennsylvania
22%
180,716 Clarksville, Tennessee
21%
89,770 Fort Smith, Arkansas
21%
120,922 Independence, Missouri
21%
32,152 Laramie, Wyoming
21%
53,682 Manhattan, Kansas
21%
46,616 Monroe, Louisiana
21%
54,943 Twin Falls, Idaho
21%
65,686 Ames, Iowa
20%
57,153 Lancaster, Pennsylvania
20%
96,207 Lawrence, Kansas
20%
134,801 Meridian, Idaho
20%
33,551 Meridian, Mississippi
20%
47,373 Minot, North Dakota
20%
66,184 Oshkosh, Wisconsin
20%
108,235 Spokane Valley, Washington
20%
74,719 Appleton, Wisconsin
19%
71,100 Camden, New Jersey
19%
69,197 Canton, Ohio
19%
56,894 Coeur d'Alene, Idaho
19%
135,829 Elizabeth, New Jersey
19%
20,785 Elko, Nevada
19%
133,378 Kent, Washington
19%
79,633 Lake Charles, Louisiana
19%
165,430 Murfreesboro, Tennessee
19%
95,519 Orem, Utah
19%
91,943 Sandy, Utah
19%
110,323 Sparks, Nevada
19%
158,285 Surprise, Arizona
19%
137,098 Hampton, Virginia
18%
45,325 Huntington, West Virginia
18%
73,337 Johnson City, Tennessee
18%
121,469 North Charleston, South Carolina
18%
87,339 Troy, Michigan
18%
57,945 Decatur, Alabama
17%
85,098 Medford, Oregon
17%
58,064 Pocatello, Idaho
17%
94,903 Reading, Pennsylvania
17%
26,208 Wheeling, West Virginia
17%
59,471 Bentonville, Arkansas
16%
102,296 Carmel, Indiana
16%
180,010 Cary, North Carolina
16%
71,048 Dothan, Alabama
16%
80,650 Jonesboro, Arkansas
16%
114,296 Lowell, Massachusetts
16%
70,634 St. Joseph, Missouri
16%
37,675 Tupelo, Mississippi
16%
114,908 West Jordan, Utah
16%
105,811 Dearborn, Michigan
15%
11,807 Evanston, Wyoming
15%
88,558 Franklin, Tennessee
15%
155,961 Lakewood, Colorado
15%
91,003 Nashua, New Hampshire
15%
64,531 North Little Rock, Arkansas
15%
147,461 Olathe, Kansas
15%
77,648 Plymouth, Minnesota
15%
76,602 Racine, Wisconsin
15%
110,660 Rio Rancho, New Mexico
15%
68,544 Schenectady, New York
15%
96,945 Beaverton, Oregon
14%
46,237 Farmington, New Mexico
14%
85,793 Frederick, Maryland
14%
38,404 Lewiston, Maine
14%
75,321 Pawtucket, Rhode Island
14%
28,117 Pearl, Mississippi
14%
49,525 Stillwater, Oklahoma
14%
136,655 Warren, Michigan
14%
70,446 Waukesha, Wisconsin
14%
28,110 Aberdeen, South Dakota
13%
31,499 Carlsbad, New Mexico
13%
69,580 Conway, Arkansas
13%
61,087 Corvallis, Oregon
13%
33,496 Gillette, Wyoming
13%
112,609 Greeley, Colorado
13%
48,414 Hattiesburg, Mississippi
13%
8,190 Ketchikan, Alaska
13%
101,597 Quincy, Massachusetts
13%
8,449 Sitka, Alaska
13%
114,990 Waterbury, Connecticut
13%
87,642 Waukegan, Illinois
13%
121,414 Arvada, Colorado
12%
50,922 East Honolulu, Hawaii
12%
113,310 Elgin, Illinois
12%
32,917 Florence, Kentucky
12%
66,102 Janesville, Wisconsin
12%
63,470 Moore, Oklahoma
12%
39,123 Pine Bluff, Arkansas
12%
100,659 Suffolk, Virginia
12%
72,205 West Des Moines, Iowa
12%
134,470 West Valley City, Utah
12%
62,399 Council Bluffs, Iowa
11%
97,701 Federal Way, Washington
11%
104,094 Fishers, Indiana
11%
52,622 Grand Island, Nebraska
11%
43,553 Hagerstown, Maryland
11%
116,926 High Point, North Carolina
11%
107,730 Hillsboro, Oregon
11%
92,624 Hoover, Alabama
11%
45,792 Salina, Kansas
11%
133,306 Sterling Heights, Michigan
11%
66,606 Waterloo, Iowa
11%
40,400 West Fargo, North Dakota
11%
74,458 Ankeny, Iowa
10%
78,300 Bethlehem, Pennsylvania
10%
61,601 Bristol, Connecticut
10%
37,612 Clovis, New Mexico
10%
34,187 College Park, Maryland
10%
86,124 Danbury, Connecticut
10%
46,900 East Providence, Rhode Island
10%
93,840 Fall River, Massachusetts
10%
76,193 Hammond, Indiana
10%
34,362 Kearney, Nebraska
10%
83,742 New Rochelle, New York
10%
156,452 Paterson, New Jersey
10%
75,654 Rock Hill, South Carolina
10%
33,159 Salisbury, Maryland
10%
105,793 Sandy Springs, Georgia
10%
71,800 St. Charles, Missouri
10%
82,999 Warwick, Rhode Island
10%
16,576 Beckley, West Virginia
9%
98,103 Edmond, Oklahoma
9%
50,577 Enid, Oklahoma
9%
62,997 Hamilton, Ohio
9%
104,184 Lee's Summit, Missouri
9%
101,241 Lynn, Massachusetts
9%
22,786 Mesquite, Nevada
9%
100,695 New Bedford, Massachusetts
9%
60,140 Owensboro, Kentucky
9%
104,491 Renton, Washington
9%
39,975 Rexburg, Idaho
9%
74,035 Rogers, Arkansas
9%
88,224 Springdale, Arkansas
9%
84,537 Warner Robins, Georgia
9%
27,706 Williston, North Dakota
9%
14,828 Boulder City, Nevada
8%
104,890 Brockton, Massachusetts
8%
68,336 Caldwell, Idaho
8%
40,972 Covington, Kentucky
8%
27,602 Fremont, Nebraska
8%
110,685 Gresham, Oregon
8%
39,386 Hobbs, New Mexico
8%
31,733 Houma, Louisiana
8%
15,691 Jamestown, North Dakota
8%
29,886 Kalispell, Montana
8%
25,022 Middletown, Delaware
8%
45,295 Pearl City, Hawaii
8%
22,954 Rock Springs, Wyoming
8%
19,543 Sheridan, Wyoming
8%
56,851 Southaven, Mississippi
8%
84,528 South Jordan, Utah
8%
9,057 Wasilla, Alaska
8%
31,284 Alamogordo, New Mexico
7%
6,321 Bethel, Alaska
7%
62,738 Bossier City, Louisiana
7%
24,312 Brookings, South Dakota
7%
82,017 Brooklyn Park, Minnesota
7%
82,635 Cranston, Rhode Island
7%
25,130 Dickinson, North Dakota
7%
7,873 Georgetown, Delaware
7%
39,462 Georgetown, Kentucky
7%
11,496 Green River, Wyoming
7%
63,333 Kenner, Louisiana
7%
65,337 Lorain, Ohio
7%
74,080 New Britain, Connecticut
7%
94,074 O'Fallon, Missouri
7%
110,920 South Fulton, Georgia
7%
144,922 Thornton, Colorado
7%
23,230 Watertown, South Dakota
7%
9,673 Anaconda, Montana
6%
73,774 Blaine, Minnesota
6%
32,978 Elizabethtown, Kentucky
6%
69,563 Gaithersburg, Maryland
6%
9,330 Havre, Montana
6%
14,618 Huron, South Dakota
6%
22,917 Keene, New Hampshire
6%
7,421 Kenai, Alaska
6%
5,578 Kodiak, Alaska
6%
76,243 Lakeville, Minnesota
6%
15,342 Lebanon, New Hampshire
6%
90,227 Lehi, Utah
6%
58,536 Lenexa, Kansas
6%
92,185 Livonia, Michigan
6%
18,935 Martinsburg, West Virginia
6%
15,621 Mitchell, South Dakota
6%
95,232 Mount Pleasant, South Carolina
6%
73,916 Noblesville, Indiana
6%
92,458 Norwalk, Connecticut
6%
47,029 Olive Branch, Mississippi
6%
29,025 Parkersburg, West Virginia
6%
10,923 Riverton, Wyoming
6%
67,297 Rockville, Maryland
6%
69,417 Shawnee, Kansas
6%
26,840 South Portland, Maine
6%
51,884 Summerville, South Carolina
6%
114,875 Westminster, Colorado
6%
57,254 Bowie, Maryland
5%
24,744 Fernley, Nevada
5%
63,618 Hendersonville, Tennessee
5%
28,219 Kahului, Hawaii
5%
58,086 Midwest City, Oklahoma
5%
71,168 Mount Vernon, New York
5%
5,878 Palmer, Alaska
5%
44,798 Post Falls, Idaho
5%
15,630 Rutland, Vermont
5%
21,043 South Burlington, Vermont
5%
18,386 Weirton, West Virginia
5%
43,135 Woonsocket, Rhode Island
5%
70,300 Bayonne, New Jersey
4%
12,509 Belgrade, Montana
4%
15,489 Clarksburg, West Virginia
4%
29,400 Laurel, Maryland
4%
24,586 Mandan, North Dakota
4%
23,791 Papillion, Nebraska
4%
20,960 Saco, Maine
4%
13,277 Smyrna, Delaware
4%
42,766 Sumter, South Carolina
4%
79,538 Woodbury, Minnesota
4%
15,630 Yankton, South Dakota
4%
8,387 Barre, Vermont
3%
22,367 Biddeford, Maine
3%
60,539 Blue Springs, Missouri
3%
10,817 Essex Junction, Vermont
3%
18,155 Fairmont, West Virginia
3%
44,387 Greer, South Carolina
3%
24,896 Hastings, Nebraska
3%
40,514 Kailua, Hawaii
3%
60,111 Meriden, Connecticut
3%
32,425 Nicholasville, Kentucky
3%
6,935 St. Albans, Vermont
3%
8,000 Wahpeton, North Dakota
3%
18,423 Westerly, Rhode Island
3%
13,868 Box Elder, South Dakota
2%
17,142 Laconia, New Hampshire
2%
22,251 Sanford, Maine
2%
8,735 Seaford, Delaware
2%
20,564 Westbrook, Maine
2%
82,574 Westland, Michigan
2%
22,543 Central Falls, Rhode Island
1%
88,461 Clifton, New Jersey
1%
69,556 East Orange, New Jersey
1%
25,707 Ewa Gentry, Hawaii
1%
37,430 Kaneohe, Hawaii
1%
90,245 Lawton, Oklahoma
1%
28,121 Mililani, Hawaii
1%
7,637 Millsboro, Delaware
1%
78,951 Parma Heights, Ohio
1%
68,903 Passaic, New Jersey
1%
43,485 Waipahu, Hawaii
1%
8,251 Winooski, Vermont
1%
2,769 Bellows Falls, Vermont
0%
13,111 Claremont, New Hampshire
0%
6,157 Elsmere, Delaware
0%
49,249 Goose Creek, South Carolina
0%
13,289 Milford, Delaware
0%
12,337 Newport East, Rhode Island
0%
No matching quizzes found
Score Distribution
Percent of People with Each Score
Percentile by Number Answered
Your Score History
You have not taken this quiz since the last reset